Tilastot visalle Liput, joissa on eniten keltaista

Klikkaa tästä pelataksesi tätä visaa!

Yleistilastot

  • Tätä visaa on pelattu 1 683 kertaa
  • Keskiarvotulos 6 / 8

Vastaustilastot

Vastaus% Oikein
Espanja
98%
Ukraina
98%
Vatikaani
91%
Kolumbia
82%
Bhutan
77%
Ecuador
71%
Brunei
61%
Saint Vincent ja Grenadiinit
45%

Tulosjakauma

Persentiili vastausten määrän mukaan

Jokaisen tuloksen saaneiden osuus

Tuloshistoriasi

Et ole pelannut tätä visaa